ბათუმის შოთა რუსთაველის სახელმწიფო უნივერსიტეტის ბიბლიოთეკა

მანქანების საიმედოობა და რემონტი.ნ.1. (ბიბ.ჩანაწერი № 35312)

000 -LEADER
fixed length control field 00965nam a2200241Ia 4500
001 - CONTROL NUMBER
control field 1163
003 - CONTROL NUMBER IDENTIFIER
control field GE_BSU
008 - FIXED-LENGTH DATA ELEMENTS--GENERAL INFORMATION
fixed length control field 181216s||||||||xx |||||||||||||| ||und||
020 ## - INTERNATIONAL STANDARD BOOK NUMBER
International Standard Book Number 5505006563
040 ## - CATALOGING SOURCE
Transcribing agency GE_BSU
080 ## - UNIVERSAL DECIMAL CLASSIFICATION NUMBER
Universal Decimal Classification number 631.3(075.8)
100 ## - MAIN ENTRY--PERSONAL NAME
Personal name კაციტაძე ჯ.
245 ## - TITLE STATEMENT
Title მანქანების საიმედოობა და რემონტი.ნ.1.
245 ## - TITLE STATEMENT
Remainder of title სახელმძღვანელო სასოფლო-სამეურნეო უმაღლესი სასწავლებლის სტუდენტებისათვის
260 ## - PUBLICATION, DISTRIBUTION, ETC.
Place of publication, distribution, etc. თბილისი.
260 ## - PUBLICATION, DISTRIBUTION, ETC.
Name of publisher, distributor, etc. განათლება.
260 ## - PUBLICATION, DISTRIBUTION, ETC.
Date of publication, distribution, etc. 1989.
300 ## - PHYSICAL DESCRIPTION
Extent 21სმ. 191გვ.
653 ## - INDEX TERM--UNCONTROLLED
Uncontrolled term მანქანების რემონტი.
653 ## - INDEX TERM--UNCONTROLLED
Uncontrolled term მანქანების საიმედოობა და რემონტი
942 ## - ADDED ENTRY ELEMENTS (KOHA)
Koha item type წიგნი
ეგზემპლარები
Withdrawn status Lost status Damaged status Not for loan Date acquired Barcode Date last seen Price effective from Koha item type
        2018-12-17 2838 2018-12-17 2018-12-17 წიგნი